[Event "Hamarturneringen 2015"]
[Site "Ridabu skole"]
[Date "2015.09.03"]
[Round "1"]
[White "Wågø, Anders"]
[Black "Hoel, Ole"]
[Result "1-0"]
[WhiteElo "1611"]
[BlackElo "1745"]
[PlyCount "91"]
[EventDate "2015.??.??"]

1. d4 Nf6 2. Nf3 e6 3. c4 b6 4. Nc3 Bb7 5. Bg5 Be7 6. e3 O-O 7. Bd3 d6 8. O-O
Nbd7 9. e4 e5 10. d5 Nh5 11. Be3 Nf4 12. Bxf4 exf4 13. Ne2 Bf6 14. Rb1 g5 15.
Nfd4 Ne5 16. Nf5 f3 17. gxf3 Nxf3+ 18. Kh1 Kh8 19. Neg3 g4 20. Be2 Ne5 21. Bxg4
Rg8 22. Be2 Bc8 23. Qd2 Bxf5 24. Nxf5 Qe8 25. f3 Rg6 26. Qc2 Rd8 27. b4 Qd7 28.
f4 Ng4 29. Bxg4 Rxg4 30. Qd1 Rg6 31. Rf3 Rdg8 32. Rh3 Rg4 33. Qf3 R8g6 34. b5
Bg7 35. Rh5 Qe8 36. h3 Rg2 37. Re1 Bf6 38. Qxg2 Rxg2 39. Kxg2 Bc3 40. Re2 f6
41. Rh6 a6 42. a4 axb5 43. axb5 Qa8 44. Kh2 Qa4 45. Rg2 Qxc4 46. Ne7
1-0

[Event "Hamarturneringen 2015"]
[Site "Ridabu skole"]
[Date "2015.09.03"]
[Round "1"]
[White "Engli, Knut"]
[Black "Nilsen, Thomas"]
[Result "1-0"]
[WhiteElo "1723"]
[BlackElo "1508"]
[PlyCount "99"]
[EventDate "2015.??.??"]

1. e4 c6 2. d4 d5 3. Nc3 dxe4 4. Nxe4 Bf5 5. Ng5 Nf6 6. Bc4 e6 7. Ne2 Be7 8.
O-O O-O 9. Ng3 Nd5 10. N5e4 Bg6 11. a3 Nd7 12. Bb3 b5 13. c3 a6 14. f4 N5f6 15.
Ng5 Nd5 16. Nf3 N5f6 17. Ne5 Nxe5 18. fxe5 Ne4 19. Ne2 c5 20. Nf4 Bf5 21. d5 c4
22. Bc2 Bc5+ 23. Kh1 Nf2+ 24. Rxf2 Bxf2 25. Bxf5 exf5 26. Qe2 Bh4 27. Be3 Bg5
28. Rd1 Bxf4 29. Bxf4 Qh4 30. Rd4 Qg4 31. Qd2 Qg6 32. d6 Rad8 33. d7 h6 34. Rd6
Qg4 35. h3 Qh4 36. Bxh6 gxh6 37. Rxh6 Qg3 38. Qd6 Qg7 39. Rf6 Qg5 40. Qd4 Kh7
41. Qd5 Kg7 42. Qd4 Rh8 43. Qd5 Qc1+ 44. Kh2 Qf4+ 45. Kg1 Rhf8 46. Rxa6 Qe3+
47. Kh2 f4 48. Qd6 Rh8 49. Qf6+ Kh7 50. Qxf7#
1-0

[Event "Hamarturneringen 2015"]
[Site "Ridabu skole"]
[Date "2015.09.03"]
[Round "1"]
[White "Holm, Ragnar"]
[Black "Jotun, Jan"]
[Result "1/2-1/2"]
[WhiteElo "2082"]
[BlackElo "1627"]
[PlyCount "45"]
[EventDate "2015.??.??"]

1. d4 d5 2. c4 g6 3. cxd5 Qxd5 4. Nc3 Qd8 5. e4 Bg7 6. Nf3 Nf6 7. Bc4 O-O 8. e5
Ne8 9. O-O c6 10. Ng5 e6 11. Nge4 h6 12. Qg4 Nd7 13. Be3 Nb6 14. Bb3 Nd5 15.
Qh3 Nxe3 16. fxe3 Kh7 17. Qg3 b6 18. Rac1 Ba6 19. Rf2 Rc8 20. Ne2 Bd3 21. Bc2
Bxc2 22. Rxc2 c5 23. Rd2
1/2-1/2

[Event "Hamarturneringen 2015"]
[Site "Ridabu skole"]
[Date "2015.09.03"]
[Round "1"]
[White "Slettmoen, Markus"]
[Black "Ormåsen, Odd Steinar"]
[Result "1-0"]
[WhiteElo "1406"]
[BlackElo "1642"]
[PlyCount "127"]
[EventDate "2015.??.??"]

1. d4 Nf6 2. Nf3 g6 3. Bf4 Bg7 4. e3 O-O 5. c3 d6 6. Nbd2 Nc6 7. Bb5 Nd7 8.
Bxc6 bxc6 9. Nc4 c5 10. Na5 cxd4 11. exd4 c5 12. Nc6 Qe8 13. dxc5 Nxc5 14. Nb4
a5 15. Nd3 Ba6 16. Nxc5 dxc5 17. Qb3 Qc6 18. Be3 Rab8 19. Qa3 Qb5 20. O-O-O
Rfc8 21. Rd5 e6 22. Rxc5 Rxc5 23. Bxc5 Bh6+ 24. Be3 Bf8 25. Qb3 Qxb3 26. axb3
Rxb3 27. Nd4 Rb6 28. Rd1 Rd6 29. Nb3 a4 30. Rxd6 Bxd6 31. Nc5 Bb5 32. Ne4 Be7
33. Bc5 Kf8 34. g3 Bxc5 35. Nxc5 Ke7 36. Kd2 e5 37. Ne4 f5 38. Ng5 h6 39. Nf3
Ke6 40. Ke3 g5 41. Nd2 Kd5 42. h3 h5 43. Kf3 Bd3 44. Ke3 Bb5 45. Kf3 Bc4 46.
Nb1 Bf1 47. h4 gxh4 48. gxh4 Kc4 49. Nd2+ Kd3 50. Nxf1 Kc2 51. c4 Kxb2 52. c5
a3 53. c6 a2 54. c7 a1=Q 55. c8=Q Qxf1 56. Qxf5 Qh1+ 57. Kg3 Qg1+ 58. Kf3 Qh1+
59. Ke3 Qxh4 60. Qxe5+ Kc2 61. Qe4+ Qxe4+ 62. Kxe4 h4 63. f4 h3 64. Kf3
1-0

[Event "Hamarturneringen 2015"]
[Site "Ridabu skole"]
[Date "2015.09.17"]
[Round "2"]
[White "Brobakken, Geir"]
[Black "Wågø, Anders"]
[Result "0-1"]
[WhiteElo "1785"]
[BlackElo "1611"]
[PlyCount "81"]
[EventDate "2015.??.??"]

1. e4 e6 2. g3 d5 3. Bg2 dxe4 4. Bxe4 Nf6 5. Bg2 Bc5 6. Ne2 e5 7. O-O O-O 8. d3
Nc6 9. Nbc3 Bg4 10. Kh1 Qd7 11. Bg5 Nd4 12. f3 Be6 13. Bxf6 gxf6 14. Ne4 Be7
15. f4 Bg4 16. N4c3 Bb4 17. h3 Nxe2 18. Nxe2 Bxh3 19. fxe5 fxe5 20. Nc3 Bg4 21.
Qc1 Be7 22. Qe3 Qe6 23. Be4 c6 24. Rf2 f5 25. Bf3 Bxf3+ 26. Rxf3 Rf7 27. Re1
Bd6 28. Ne2 Qg6 29. Kg2 b6 30. Rh1 Bc5 31. Qd2 f4 32. b4 Be3 33. Qc3 Re8 34.
Qc4 e4 35. dxe4 Qxe4 36. Qb3 Bd2 37. Nxf4 Bxf4 38. gxf4 Kf8 39. Qc3 Rg7+ 40.
Kh2 Qe2+ 41. Kh3
0-1

[Event "Hamarturneringen 2015"]
[Site "Ridabu skole"]
[Date "2015.09.17"]
[Round "2"]
[White "Jotun, Jan"]
[Black "Slettmoen, Markus"]
[Result "1-0"]
[WhiteElo "1627"]
[BlackElo "1406"]
[PlyCount "107"]
[EventDate "2015.??.??"]

1. d4 d5 2. Nf3 Nf6 3. h3 e6 4. Bf4 c5 5. e3 Nc6 6. Be2 Qb6 7. b3 Ne4 8. O-O
cxd4 9. exd4 Bb4 10. c4 Bc3 11. c5 Qd8 12. Nxc3 Nxc3 13. Qc2 Nxe2+ 14. Qxe2 h6
15. Qb2 O-O 16. b4 Bd7 17. a4 Re8 18. Rfd1 Qf6 19. Bd6 a6 20. b5 Na5 21. Rac1
Nc4 22. Rxc4 dxc4 23. Ne5 Qd8 24. Nxc4 axb5 25. axb5 Ra7 26. Rb1 Qa8 27. Nb6
Qd8 28. Qe2 Ra5 29. Qc4 e5 30. Bxe5 Be6 31. Qc3 Ra2 32. d5 Bxd5 33. Rd1 Qh4 34.
Bg3 Qe4 35. Nxd5 Qe2 36. Rb1 Rd8 37. Ne3 Rd3 38. Qe5 Rd8 39. Qc7 Qd3 40. Rd1
Rd2 41. Rxd2 Qxd2 42. Qxb7 Qe1+ 43. Kh2 Rd2 44. Qc8+ Kh7 45. Qf5+ Kg8 46. c6 g6
47. Qf6 Qc1 48. c7 Rxf2 49. Qxf2 f5 50. Qa2+ Kg7 51. Qe6 f4 52. Bxf4 h5 53.
Nf5+ gxf5 54. Bxc1
1-0

[Event "Hamarturneringen 2015"]
[Site "Ridabu skole"]
[Date "2015.10.22"]
[Round "2"]
[White "Ormåsen, Odd Steinar"]
[Black "Bakken, Svein Arne"]
[Result "1/2-1/2"]
[WhiteElo "1642"]
[BlackElo "1320"]
[PlyCount "84"]
[EventDate "2015.??.??"]

1. d4 Nf6 2. c4 g6 3. Nc3 d5 4. cxd5 Nxd5 5. e4 Nxc3 6. bxc3 Bg7 7. Bc4 c5 8.
Ne2 Nc6 9. O-O O-O 10. Be3 cxd4 11. cxd4 a6 12. Rc1 Na5 13. Bd3 b5 14. Qd2 Bb7
15. Bh6 Nc6 16. Bxg7 Kxg7 17. d5 Ne5 18. Qb2 f6 19. Rfd1 Qb6 20. Nd4 Rfc8 21.
Be2 Rxc1 22. Rxc1 Rc8 23. Rxc8 Bxc8 24. h3 Bd7 25. f4 Nf7 26. Bg4 Bxg4 27. hxg4
Kg8 28. Kh2 Qd6 29. Qc1 Qd7 30. Ne6 a5 31. Qa3 Nd8 32. Nd4 Qxg4 33. g3 Qd1 34.
Qxe7 Qxd4 35. Qxd8+ Kf7 36. Qd7+ Kf8 37. Qd6+ Kg7 38. Qe7+ Kg8 39. Kg2 Qe3 40.
Qe6+ Kg7 41. d6 Qe2+ 42. Kg1 Qe1+
1/2-1/2

[Event "Hamarturneringen 2015"]
[Site "Ridabu skole"]
[Date "2015.09.17"]
[Round "2"]
[White "Hoel, Ole"]
[Black "Holm, Ragnar"]
[Result "1/2-1/2"]
[WhiteElo "1745"]
[BlackElo "2082"]
[PlyCount "135"]
[EventDate "2015.??.??"]

1. e4 c5 2. a3 g6 3. Bc4 Bg7 4. Nc3 Nc6 5. Nge2 Nf6 6. d3 O-O 7. h4 h5 8. Bg5
Ne5 9. Ba2 d6 10. Qd2 Bd7 11. f3 b5 12. Nf4 e6 13. Nd1 Qb6 14. c3 Rfc8 15. Ne3
Rab8 16. O-O Nh7 17. Nh3 Nxg5 18. Nxg5 c4 19. d4 Nc6 20. Kh1 Na5 21. Rad1 Rf8
22. Bb1 Rbe8 23. f4 f6 24. Nh3 f5 25. e5 d5 26. Qe2 Re7 27. Qf3 Be8 28. Rg1 Qd8
29. Ng5 Bh6 30. Nh3 Rb7 31. Rgf1 Qxh4 32. Nxd5 exd5 33. Qxd5+ Kh8 34. Qf3 Rb8
35. d5 Rd8 36. Kg1 Qe7 37. Rf2 Qc5 38. Kh1 Nb3 39. Re2 Bc6 40. Qg3 Kg7 41. d6
Bd5 42. Ng5 h4 43. Qh3 Bxg5 44. fxg5 Be6 45. Qf3 Rd7 46. Bc2 Na5 47. Rd4 Rh8
48. Qh3 Rdd8 49. Be4 Nc6 50. Bxc6 Qxc6 51. Red2 Qc8 52. Qf3 Qa8 53. Qxa8 Rxa8
54. d7 Rhd8 55. Rxh4 Rxd7 56. Rxd7+ Bxd7 57. Rd4 Rd8 58. Kg1 Kf7 59. Rd6 Ke7
60. Rxg6 Rf8 61. Kf2 Be6 62. g3 a5 63. Ke3 Rb8 64. Rg7+ Kf8 65. Ra7 a4 66. Ra6
Ke7 67. Kf4 Rd8 68. g6
1/2-1/2

[Event "Hamarturneringen 2015"]
[Site "Ridabu skole"]
[Date "2015.10.01"]
[Round "3"]
[White "Wågø, Anders"]
[Black "Jotun, Jan"]
[Result "1-0"]
[WhiteElo "1611"]
[BlackElo "1627"]
[PlyCount "119"]
[EventDate "2015.??.??"]

1. d4 d5 2. Nf3 g6 3. Bf4 Bg7 4. e3 Nf6 5. h3 O-O 6. Bd3 c5 7. c3 c4 8. Bc2 Nc6
9. Nbd2 b6 10. O-O Bb7 11. e4 Na5 12. e5 Ne8 13. Ng5 Nc7 14. Qg4 h6 15. Nxf7
Rxf7 16. Bxg6 Rxf4 17. Qxf4 Qf8 18. Qg3 Bc8 19. f4 Bf5 20. Bxf5 Qxf5 21. Nf3 e6
22. Nh4 Qh5 23. f5 Qg5 24. Rf3 Qxg3 25. Rxg3 Kh7 26. Rf1 Rg8 27. fxe6 Nxe6 28.
Rf7 Nc6 29. Nf5 Ng5 30. Nxg7 Nxf7 31. Nf5 Rxg3 32. Nxg3 Kg6 33. Kf2 Ne7 34. Ne2
Kf5 35. Ke3 Ng5 36. Ng3+ Kg6 37. Kf4 Ne6+ 38. Kg4 a5 39. Nh5 Ng8 40. Ng3 b5 41.
h4 b4 42. h5+ Kf7 43. Nf5 Ng7 44. Nd6+ Ke6 45. Nb7 Ne7 46. Nxa5 bxc3 47. bxc3
Kd7 48. Nb7 Kc6 49. Nc5 Nef5 50. Kf4 Ne7 51. g4 Kc7 52. a4 Nc6 53. g5 hxg5+ 54.
Kxg5 Nxh5 55. Kxh5 Kd8 56. Kg5 Ke7 57. Kf5 Kf7 58. e6+ Ke7 59. Kg6 Kd6 60. Kf7
1-0

[Event "Hamarturneringen 2015"]
[Site "Ridabu skole"]
[Date "2015.10.08"]
[Round "3"]
[White "Bakken, Svein Arne"]
[Black "Nilsen, Thomas"]
[Result "1/2-1/2"]
[WhiteElo "1320"]
[BlackElo "1508"]
[PlyCount "62"]
[EventDate "2015.??.??"]

1. e4 c6 2. d4 d5 3. Nc3 dxe4 4. Nxe4 Bf5 5. Ng3 Bg6 6. Nf3 Nd7 7. Bd3 Bxd3 8.
Qxd3 e6 9. Be3 Ngf6 10. O-O-O Qa5 11. Kb1 Be7 12. h4 Nd5 13. c3 Qc7 14. h5 h6
15. Ne2 a5 16. g4 b5 17. g5 Nxe3 18. Qxe3 hxg5 19. Nxg5 Nf6 20. Rdg1 Nd5 21.
Qf3 Bf6 22. Ne4 O-O-O 23. h6 Qe7 24. hxg7 Rhg8 25. Nxf6 Qxf6 26. Qxf6 Nxf6 27.
f4 Kd7 28. Nc1 Ne8 29. Rh7 Nf6 30. Rh4 Ne8 31. Rh7 Nf6
1/2-1/2

[Event "Hamarturneringen 2015"]
[Site "Ridabu skole"]
[Date "2015.10.01"]
[Round "3"]
[White "Holm, Ragnar"]
[Black "Brobakken, Geir"]
[Result "1-0"]
[WhiteElo "2082"]
[BlackElo "1785"]
[PlyCount "67"]
[EventDate "2015.??.??"]

1. d4 Nf6 2. Bg5 e6 3. e4 Be7 4. Bd3 d5 5. e5 Nfd7 6. Bxe7 Qxe7 7. c3 c5 8. Nd2
Nc6 9. Ngf3 cxd4 10. cxd4 f5 11. exf6 Qxf6 12. Nb3 O-O 13. O-O e5 14. dxe5
Ncxe5 15. Be2 Nb6 16. Nxe5 Qxe5 17. Bf3 Bd7 18. Rc1 Bc6 19. Nd4 Rf6 20. Re1 Qd6
21. b3 Raf8 22. a4 Nd7 23. Nxc6 bxc6 24. Rxc6 Qf4 25. Qxd5+ R6f7 26. Re4 Qb8
27. Bh5 Nf6 28. Bxf7+ Kh8 29. Rxf6 gxf6 30. Qe6 Qd8 31. Qe7 Qd1+ 32. Re1 Rxf7
33. Qe8+ Rf8 34. Qxf8#
1-0

[Event "Hamarturneringen 2015"]
[Site "Ridabu skole"]
[Date "2015.10.01"]
[Round "3"]
[White "Slettmoen, Markus"]
[Black "Hoel, Ole"]
[Result "0-1"]
[WhiteElo "1406"]
[BlackElo "1745"]
[PlyCount "106"]
[EventDate "2015.??.??"]

1. d4 Nf6 2. Nf3 e6 3. Bf4 c5 4. e3 Nc6 5. c3 Be7 6. Bb5 O-O 7. Nbd2 Nd5 8. Bg3
f5 9. h3 f4 10. Bxf4 Nxf4 11. exf4 Rxf4 12. g3 Rf5 13. Bd3 Rf7 14. Ne5 Nxe5 15.
dxe5 d5 16. exd6 Bxd6 17. Nc4 Qf6 18. Qc2 Bc7 19. Bxh7+ Kh8 20. Bd3 b5 21. Ne3
Bb7 22. Rh2 c4 23. Bf1 Rd8 24. Ng4 Qg5 25. Rd1 Rfd7 26. Rxd7 Rxd7 27. f4 Qc5
28. Rd2 Rd5 29. Bg2 Qg1+ 30. Bf1 Qxg3+ 31. Nf2 Bxf4 32. Rxd5 Bxd5 33. Qe2 Qg6
34. Qg4 Qb1+ 35. Nd1 Qc1 36. Be2 Qd2+ 37. Kf1 Bh6 38. Qd4 Qxd4 39. cxd4 b4 40.
a3 a5 41. Kf2 Bc1 42. axb4 axb4 43. Bf3 Bxf3 44. Kxf3 Bxb2 45. Ke4 Ba1 46. d5
exd5+ 47. Kxd5 c3 48. Ne3 b3 49. Kc4 b2 50. Ng4 b1=Q 51. Ne5 c2 52. Nf7+ Kg8
53. Nh6+ gxh6
0-1

[Event "Hamarturneringen 2015"]
[Site "Ridabu skole"]
[Date "2015.10.15"]
[Round "4"]
[White "Ormåsen, Odd Steinar"]
[Black "Wågø, Anders"]
[Result "0-1"]
[WhiteElo "1642"]
[BlackElo "1611"]
[PlyCount "102"]
[EventDate "2015.??.??"]

1. e4 c5 2. Nf3 Nc6 3. d4 cxd4 4. Nxd4 Nf6 5. Nc3 e5 6. Nxc6 bxc6 7. Be2 Bb4 8.
Bf3 Ba6 9. Bd2 O-O 10. a3 Be7 11. Be2 Bb7 12. O-O d5 13. exd5 cxd5 14. Na2 Rc8
15. Bb4 a5 16. Bxe7 Qxe7 17. c3 Rfd8 18. Qa4 Qc7 19. Rfe1 Ne4 20. Bg4 Rb8 21.
Bf5 Nc5 22. Qh4 g6 23. Qg3 Re8 24. h4 Re7 25. Rad1 e4 26. Qxc7 Rxc7 27. Bh3 Nd3
28. Re2 Ba6 29. b4 Nxb4 30. Rb2 Nc6 31. Rxb8+ Nxb8 32. Rxd5 Bc4 33. Rd8+ Kg7
34. Rxb8 Bxa2 35. Rc8 Rxc8 36. Bxc8 Kf6 37. g3 Ke5 38. Kf1 Kd5 39. Bb7+ Kc4 40.
Bxe4 Kxc3 41. Bc6 Bc4+ 42. Ke1 Kb3 43. a4 Kb4 44. Kd2 Bb3 45. Be8 f6 46. h5
gxh5 47. Bxh5 Bxa4 48. g4 Bb3 49. f4 h6 50. g5 hxg5 51. fxg5 fxg5
0-1

[Event "Hamarturneringen 2015"]
[Site "Ridabu skole"]
[Date "2015.10.15"]
[Round "4"]
[White "Jotun, Jan"]
[Black "Brobakken, Geir"]
[Result "0-1"]
[WhiteElo "1627"]
[BlackElo "1785"]
[PlyCount "120"]
[EventDate "2015.??.??"]

1. d4 Nf6 2. Nf3 d5 3. c4 e6 4. Nc3 c6 5. Qb3 Nbd7 6. e3 Be7 7. Bd2 O-O 8. Be2
Ne4 9. O-O f5 10. Be1 Bd6 11. g3 Kh8 12. a3 Qf6 13. Qc2 Qh6 14. Kg2 Ndf6 15.
Ng1 dxc4 16. Nxe4 Nxe4 17. Qxc4 e5 18. f3 Be6 19. Qc2 Bd5 20. Bc4 Nf6 21. h3
Bxc4 22. Qxc4 Nd5 23. Bf2 Nxe3+ 24. Bxe3 Qxe3 25. Qe6 Rf6 26. Qd7 exd4 27. Rfe1
Qb3 28. Re8+ Rxe8 29. Qxe8+ Rf8 30. Qe2 Qd5 31. Rd1 c5 32. h4 h6 33. Qb5 a6 34.
Qa5 Qc4 35. Qe1 Qb3 36. Nh3 Qxb2+ 37. Rd2 Qb3 38. Qc1 Re8 39. Rb2 Qxa3 40. Qb1
c4 41. Rf2 Qc5 42. Qxb7 d3 43. Qxa6 Qd5 44. Qa2 Qd4 45. Ng1 Bc5 46. Rf1 c3 47.
Qf7 Rf8 48. Qb3 c2 49. Nh3 Qb4 50. Qxd3 Qb2 51. Nf4 c1=Q+ 52. Kh3 Qxf1+ 53.
Qxf1 Kh7 54. Qa6 Qf6 55. Qd3 Bd6 56. Nh5 Qg6 57. Qd4 Qxh5 58. Qxd6 Qf7 59. f4
Qf6 60. Qc5 Rd8
0-1

[Event "Hamarturneringen 2015"]
[Site "Ridabu skole"]
[Date "2015.10.15"]
[Round "4"]
[White "Hoel, Ole"]
[Black "Nilsen, Thomas"]
[Result "1-0"]
[WhiteElo "1745"]
[BlackElo "1508"]
[PlyCount "54"]
[EventDate "2015.??.??"]

1. e4 c6 2. d4 d5 3. e5 Bf5 4. h4 h6 5. g4 Bh7 6. e6 fxe6 7. Bd3 Bxd3 8. Qxd3
Qd6 9. f4 Nd7 10. Qg6+ Kd8 11. h5 Ngf6 12. Nc3 c5 13. Nf3 cxd4 14. Nxd4 a6 15.
Bd2 e5 16. fxe5 Qxe5+ 17. Nce2 Nc5 18. O-O-O Qe4 19. Qf7 Rc8 20. Kb1 Nxg4 21.
Nf4 Kd7 22. Nxd5 Na4 23. Rhe1 Qxd4 24. Qe6+ Ke8 25. Qxc8+ Kf7 26. Qe6+ Ke8 27.
Nc7+ Kd8
1-0

[Event "Hamarturneringen 2015"]
[Site "Ridabu skole"]
[Date "2015.11.05"]
[Round "5"]
[White "Wågø, Anders"]
[Black "Holm, Ragnar"]
[Result "0-1"]
[WhiteElo "1611"]
[BlackElo "2082"]
[PlyCount "81"]
[EventDate "2015.??.??"]

1. e4 c5 2. Nc3 a6 3. a4 Nc6 4. Nf3 Nf6 5. d4 cxd4 6. Nxd4 e5 7. Nxc6 bxc6 8.
Bc4 Bb4 9. Qe2 d5 10. exd5 cxd5 11. Bb3 Bxc3+ 12. bxc3 Qc7 13. O-O O-O 14. Bg5
Ne4 15. Bc1 Nxc3 16. Qd2 Bb7 17. Bb2 Rac8 18. Bxc3 Qxc3 19. Qxc3 Rxc3 20. Rfe1
Re8 21. Rad1 Rc5 22. Rd2 g5 23. h4 h6 24. hxg5 hxg5 25. Rd4 Bc6 26. Rb4 a5 27.
Rb6 Kg7 28. Rd1 d4 29. f3 f6 30. Kf2 Rh8 31. Ra6 Ra8 32. Rxa8 Bxa8 33. Rh1 g4
34. Rh4 gxf3 35. Rg4+ Kh6 36. gxf3 Rc3 37. f4 d3 38. fxe5 dxc2 39. Bxc2 Rxc2+
40. Ke3 fxe5 41. Rg8
0-1

[Event "Hamarturneringen 2015"]
[Site "Ridabu skole"]
[Date "2015.11.05"]
[Round "5"]
[White "Brobakken, Geir"]
[Black "Hoel, Ole"]
[Result "0-1"]
[WhiteElo "1785"]
[BlackElo "1745"]
[PlyCount "22"]
[EventDate "2015.??.??"]

1. e4 Nc6 2. d4 e5 3. d5 Nce7 4. Nf3 Ng6 5. h4 h5 6. Bg5 Be7 7. Nc3 d6 8. Qd2
a6 9. Be2 Bg4 10. O-O-O Qd7 11. Qe3 f6
0-1

[Event "Hamarturneringen 2015"]
[Site "Ridabu skole"]
[Date "2015.11.05"]
[Round "5"]
[White "Bakken, Svein Arne"]
[Black "Slettmoen, Markus"]
[Result "1-0"]
[WhiteElo "1320"]
[BlackElo "1406"]
[PlyCount "165"]
[EventDate "2015.??.??"]

1. e4 e5 2. Nf3 Nc6 3. Bb5 Bc5 4. d3 d6 5. h3 Nge7 6. O-O O-O 7. Nc3 Be6 8. Na4
Bb6 9. Nxb6 axb6 10. Bxc6 bxc6 11. a3 c5 12. Ng5 Nc6 13. f4 h6 14. Nxe6 fxe6
15. Qg4 Qf6 16. c3 Qe7 17. Be3 exf4 18. Bxf4 g5 19. Bh2 Rxf1+ 20. Rxf1 Rf8 21.
Rxf8+ Kxf8 22. Qf3+ Qf7 23. Qe2 e5 24. Qg4 Ne7 25. g3 Qa2 26. Qe2 Ng6 27. Kg2
Qf7 28. Bg1 c6 29. Be3 d5 30. Bc1 dxe4 31. Qxe4 Qd5 32. Kf2 Qxe4 33. dxe4 c4
34. Kf3 Ne7 35. Be3 c5 36. Kg4 Kg7 37. a4 Kg6 38. a5 bxa5 39. Bxc5 h5+ 40. Kf3
Nc8 41. Ke3 Kf6 42. Kd2 Ke6 43. g4 h4 44. Ke3 Ne7 45. Bxe7 Kxe7 46. Kd2 Kd6 47.
Kc2 Kc5 48. Kb1 Kb5 49. Ka1 Ka6 50. Ka2 Kb5 51. Ka3 Ka6 52. Ka2 Kb6 53. Kb1 Kc5
54. Ka1 Kb5 55. Kb1 a4 56. Ka2 a3 57. Kxa3 Ka5 58. b3 cxb3 59. Kxb3 Kb5 60. c4+
Kc5 61. Kc3 Kc6 62. Kb4 Kb6 63. c5+ Kc7 64. Kb5 Kb7 65. c6+ Kc8 66. Kb6 Kb8 67.
Kc5 Kc8 68. Kd5 Kc7 69. Kxe5 Kxc6 70. Kf5 Kd6 71. Kxg5 Ke5 72. Kxh4 Kxe4 73.
Kg5 Ke5 74. h4 Ke6 75. Kg6 Ke7 76. g5 Kf8 77. h5 Kg8 78. Kf6 Kh7 79. g6+ Kg8
80. h6 Kh8 81. g7+ Kg8 82. h7+ Kxh7 83. Kf7
1-0

[Event "Hamarturneringen 2015"]
[Site "Ridabu skole"]
[Date "2015.11.12"]
[Round "5"]
[White "Nilsen, Thomas"]
[Black "Ormåsen, Odd Steinar"]
[Result "1-0"]
[WhiteElo "1508"]
[BlackElo "1642"]
[PlyCount "75"]
[EventDate "2015.??.??"]

1. d4 d5 2. Nf3 Nf6 3. c4 e6 4. Nc3 c6 5. Bg5 Nbd7 6. e3 Qa5 7. cxd5 exd5 8. a3
Ne4 9. Qc2 Bb4 10. Rc1 Bxc3+ 11. bxc3 Qxa3 12. Bh4 O-O 13. Bd3 Re8 14. O-O h6
15. c4 g5 16. Bg3 Nxg3 17. hxg3 Nf6 18. Ne5 Ng4 19. Nxg4 Bxg4 20. c5 Qa5 21. f3
Bd7 22. e4 Qb4 23. Qf2 b5 24. exd5 cxd5 25. Rb1 Qa5 26. f4 g4 27. f5 f6 28. Qf4
Qc3 29. Qxg4+ Kf8 30. Bxb5 Bxb5 31. Rxb5 Qe3+ 32. Kh2 Re4 33. Rf4 Rxf4 34. gxf4
Qe7 35. c6 Rc8 36. Rb7 Rc7 37. Rb8+ Kf7 38. Qg8#
1-0

[Event "Hamarturneringen 2015"]
[Site "Ridabu skole"]
[Date "2015.11.19"]
[Round "6"]
[White "Wågø, Anders"]
[Black "Bakken, Svein Arne"]
[Result "1-0"]
[WhiteElo "1611"]
[BlackElo "1320"]
[PlyCount "73"]
[EventDate "2015.??.??"]

1. d4 Nf6 2. Nf3 d5 3. c4 e6 4. Nc3 g6 5. Bg5 Bg7 6. e3 O-O 7. Qb3 c6 8. Be2
Nbd7 9. c5 b6 10. cxb6 Qxb6 11. Qa3 c5 12. O-O Qb4 13. Qxb4 cxb4 14. Na4 Ne4
15. Be7 Re8 16. Bxb4 Rb8 17. Ba3 Nb6 18. Nxb6 Rxb6 19. Rac1 Ba6 20. Bxa6 Rxa6
21. Rc7 Bf8 22. Bxf8 Rxf8 23. a3 Rb8 24. Rc2 Rab6 25. b4 Ra6 26. Ne5 Rxa3 27.
Rc7 Rxb4 28. Nxf7 Rb2 29. Nh6+ Kh8 30. Rf7 Raa2 31. g4 a5 32. Rc1 Rc2 33. Rxc2
Rxc2 34. f4 a4 35. g5 a3 36. Rf8+ Kg7 37. Rg8#
1-0

[Event "Hamarturneringen 2015"]
[Site "Ridabu skole"]
[Date "2015.11.26"]
[Round "6"]
[White "Nilsen, Thomas"]
[Black "Holm, Ragnar"]
[Result "0-1"]
[WhiteElo "1508"]
[BlackElo "2082"]
[PlyCount "62"]
[EventDate "2015.??.??"]

1. d4 Nf6 2. Nf3 g6 3. c4 Bg7 4. Nc3 d5 5. cxd5 Nxd5 6. e4 Nxc3 7. bxc3 c5 8.
Bb5+ Nc6 9. O-O O-O 10. Be3 cxd4 11. Nxd4 Na5 12. Qc2 Qc7 13. Rac1 a6 14. Be2
Nc4 15. Bg5 e5 16. Nb3 Be6 17. Nd2 Nxd2 18. Qxd2 b5 19. Rc2 f6 20. Bh6 Rfd8 21.
Qe3 Rac8 22. Bxg7 Kxg7 23. Rfc1 Qc5 24. Qg3 Rc6 25. h4 Rcd6 26. h5 Rd2 27. hxg6
hxg6 28. Bg4 Bxg4 29. Rxd2 Rxd2 30. Qxg4 Qxf2+ 31. Kh2 Rd8
0-1

[Event "Hamarturneringen 2015"]
[Site "Ridabu skole"]
[Date "2015.11.19"]
[Round "6"]
[White "Jotun, Jan"]
[Black "Ormåsen, Odd Steinar"]
[Result "1-0"]
[WhiteElo "1627"]
[BlackElo "1642"]
[PlyCount "65"]
[EventDate "2015.??.??"]

1. d4 Nf6 2. c4 g6 3. Nc3 Bg7 4. Bf4 d6 5. h3 c6 6. Nf3 O-O 7. e4 Nbd7 8. Bh2
Qa5 9. Bd3 e5 10. O-O Nh5 11. d5 Re8 12. a3 c5 13. Qc2 Qd8 14. Rab1 Nf4 15.
Rfe1 g5 16. Nb5 Nf8 17. Bxf4 gxf4 18. Bf1 Ng6 19. b4 b6 20. Rb3 Bf6 21. bxc5
bxc5 22. Reb1 Nh4 23. Nxh4 Bxh4 24. g3 fxg3 25. fxg3 Bg5 26. Qe2 f5 27. Qh5
fxe4 28. Nc7 Qxc7 29. Qxe8+ Kg7 30. Qc6 Qxc6 31. dxc6 e3 32. g4 h5 33. Rb8 
1-0

[Event "Hamarturneringen 2015"]
[Site "Ridabu skole"]
[Date "2015.11.19"]
[Round "6"]
[White "Brobakken, Geir"]
[Black "Slettmoen, Markus"]
[Result "1-0"]
[WhiteElo "1785"]
[BlackElo "1406"]
[PlyCount "76"]
[EventDate "2015.??.??"]

1. e4 e5 2. Nc3 Nc6 3. Bc4 Bc5 4. Qg4 g6 5. Qg3 d6 6. d3 Nd4 7. Bb3 Be6 8. Nce2
Bxb3 9. Nxd4 Bxa2 10. Rxa2 Bxd4 11. Nf3 Bb6 12. Nxe5 Qf6 13. Nf3 Ne7 14. b3
Qc3+ 15. Bd2 Qc6 16. O-O O-O-O 17. Bg5 Rhe8 18. Bf6 Rd7 19. Qf4 Ng8 20. Bd4
Bxd4 21. Nxd4 Qc5 22. Nf3 a6 23. Qd2 f6 24. c4 Ne7 25. b4 Qb6 26. b5 c6 27.
bxa6 bxa6 28. Rfa1 Ra7 29. Rb2 Qc7 30. Qc3 f5 31. e5 dxe5 32. Nxe5 c5 33. Rab1
Ra8 34. f4 Nc6 35. Nxc6 Qxc6 36. Rb6 Qd7 37. Qa5 Qd4+ 38. Kh1 Qd7 {Tid}
1-0

[Event "Hamarturneringen 2015"]
[Site "Ridabu skole"]
[Date "2015.12.03"]
[Round "7"]
[White "Slettmoen, Markus"]
[Black "Holm, Ragnar"]
[Result "0-1"]
[WhiteElo "1406"]
[BlackElo "2082"]
[PlyCount "104"]
[EventDate "2015.??.??"]

1. d4 c5 2. dxc5 e6 3. Bf4 Bxc5 4. e3 d6 5. Nf3 e5 6. Bg3 Nc6 7. a3 Nge7 8. c4
O-O 9. Nc3 Nf5 10. Bd3 h6 11. b4 Bb6 12. Nd5 Nxg3 13. hxg3 a5 14. O-O Be6 15.
Qb3 f5 16. Nd2 Ne7 17. Nxb6 Qxb6 18. bxa5 Qxb3 19. Nxb3 Rfc8 20. Rfc1 Nc6 21.
Rab1 Nxa5 22. Nxa5 Rxa5 23. Rxb7 Rxa3 24. Rd1 Kf8 25. Be2 Rc6 26. Rb8+ Ke7 27.
Rdb1 Ra7 28. R8b7+ Rc7 29. Rxa7 Rxa7 30. f3 Kd7 31. Kh2 Kc7 32. Kg1 Ra4 33. Rc1
Kc6 34. Rb1 Bxc4 35. Bxc4 Rxc4 36. Rb8 Rc1+ 37. Kf2 Rc2+ 38. Kf1 Kd5 39. Rg8
Kc4 40. Rxg7 Kd3 41. Ra7 Kxe3 42. Ra3+ Kd4 43. Ra4+ Rc4 44. Ra7 d5 45. Rh7 Ke3
46. Kg1 d4 47. Rxh6 d3 48. Rd6 d2 49. g4 Rc1+ 50. Kh2 fxg4 51. fxg4 d1=Q 52.
Rxd1 Rxd1
0-1

[Event "Hamarturneringen 2015"]
[Site "Ridabu skole"]
[Date "2015.12.03"]
[Round "7"]
[White "Nilsen, Thomas"]
[Black "Wågø, Anders"]
[Result "0-1"]
[WhiteElo "1508"]
[BlackElo "1611"]
[PlyCount "148"]
[EventDate "2015.??.??"]

1. d4 Nf6 2. c4 e6 3. Nc3 Bb4 4. a3 Bxc3+ 5. bxc3 b6 6. e3 Bb7 7. Nf3 O-O 8.
Be2 Nc6 9. O-O Na5 10. Nd2 c5 11. Bb2 Rc8 12. Rc1 Qe7 13. Bf3 Ba6 14. Be2 Rc7
15. e4 cxd4 16. cxd4 Rfc8 17. e5 Ne8 18. c5 Bxe2 19. Qxe2 bxc5 20. Qa6 Nb7 21.
Qxa7 d5 22. Qa4 c4 23. Bc3 g6 24. Bb4 Qh4 25. Nf3 Qf4 26. Qc2 Ng7 27. h3 Nf5
28. Bc3 Nh4 29. Nxh4 Qxh4 30. f4 Nd8 31. Kh2 Nc6 32. Rf3 Qe7 33. Bb2 Rb7 34.
Rg3 Rcb8 35. Bc3 Kf8 36. a4 Nb4 37. Bxb4 Qxb4 38. Rc3 Qa5 39. Qa2 Rb2 40. Qa3+
Kg8 41. h4 Qd8 42. Kh3 Rd2 43. Qc5 Qf8 44. Qxf8+ Kxf8 45. R1c2 Rxd4 46. Kg4 Rd1
47. Ra3 Rdb1 48. a5 R1b4 49. a6 Ra8 50. a7 Rb7 51. Rca2 Ke7 52. Kf3 Rd7 53. Ra4
Kd8 54. Ke3 Rb7 55. Kd4 Kc7 56. Ra5 Rb6 57. Rc5+ Kb7 58. Rca5 Rb3 59. g4 Kc6
60. Ra6+ Rb6 61. R6a5 Rb1 62. Ra6+ Kb7 63. Rd6 Kc7 64. Kc5 Rb7 65. Raa6 Kc8 66.
Rac6+ Rc7 67. Rxc7+ Kxc7 68. Rc6+ Kb7 69. Rb6+ Kxa7 70. Rc6 Kb7 71. Rb6+ Kc7
72. Rc6+ Kd7 73. Rd6+ Ke7 74. Kd4 Ra3
0-1